[Event "Laboris Gloria Ludi"]
[Site "SchemingMind.com"]
[Date "2008.07.07"]
[Round "-"]
[White "tyler199"]
[Black "Archon"]
[Result "0-1"]
[WhiteCountry "CAN"]
[BlackCountry "CAN"]
[WhiteElo "1633"]
[WhiteRD "53"]
[BlackElo "1718"]
[BlackRD "54"]
[GameID "162498"]

1. d4 d6 2. Nf3 g6 3. c4 Bg7 4. Nc3 c5 5. e4 Na6 6. d5 Bg4 7. Be2 Nc7 8. Bf4 Bxc3+ 9. bxc3 Nf6 10. Nd2 Bd7
11. Bh6 e6 12. Rb1 Qc8 13. Bg5 Nh5 14. Bxh5 gxh5 15. Bf6 Rf8 16. Qxh5 Ba4 17. Qxh7 b6 18. Bg7 Bc2 19. Rb2 Bd3 20. Bxf8 Kxf8
21. Qh8+ Ke7 22. Qxc8 Rxc8 23. f3 exd5 24. cxd5 Bb5 25. Kf2 Bd7 26. h4 Rh8 27. h5 Ne8 28. a4 Bxa4 29. Ra2 Bd7 30. Rxa7 Nf6
0-1